Logo BPK

Bibliografia Prac Pracowników

Politechniki Koszalińskiej

Reformy rad narodowych w latach 1972-1975 : (Rekord nr 10061)

Szczegóły MARC
000 -ETYKIETA REKORDU
podpole kontrolne o stałej długości 01041naa a2200217 i 4500
001 - NUMER KONTROLNY REKORDU
podpole kontrolne 10061
003 - IDENTYFIKATOR NUMERU KONTROLNEGO REKORDU
podpole kontrolne KOSZ 005
005 - DATA OSTATNIEJ MODYFIKACJI REKORDU
podpole kontrolne 20180417110441.0
008 - POLE O STAŁEJ DŁUGOŚCI - DANE KONTROLNE
podpole kontrolne o stałej długości 180414s2005 pl |000 0 pol
015 ## - NUMER BIBLIOGRAFII NARODOWEJ
Numer bibliografii narodowej BZCz 2007/10175
035 ## - NUMER SYSTEMOWY
Numer systemowy przejętego rekordu (OCoLC)1008662786
040 ## - ŹRÓDŁO KATALOGOWANIA
Instytucja, która sporządziła opis WA N
Instytucja, która utworzyła rekord WA N
Instytucja, która dokonała modyfikacji KOSZ 005/HR
100 ## - NAZWA OSOBOWA
Nazwa osobowa PARTACZ, Czesław.
Lata pracy 2007-2012.
Instytucja Politechnika Koszalińska - Instytut Polityki Społecznej i Stosunków Międzynarodowych,
Wydział Zakład Europy Środkowej i Wschodniej.
245 10 - TYTUŁ/ODPOWIEDZIALNOŚĆ
Tytuł Reformy rad narodowych w latach 1972-1975 :
Ciąg dalszy tytułu przykład województwa koszalińskiego /
Pozostałe elementy strefy tytułu i oznaczenia odpowiedzialności Czesław Partacz, Agnieszka Lipska-Sondecka.
648 #0 - HASŁO PRZEDMIOTOWE - TERMIN CHRONOLOGICZNY
Termin chronologiczny 1945-1989
9 (RLIN) 7070
650 #0 - HASŁO PRZEDMIOTOWE W FORMIE NAZWY OGÓLNEJ LUB JEDNOSTKOWEJ
Nazwa ogólna lub geograficzna Rady narodowe
651 #0 - HASŁO PRZEDMIOTOWE W FORMIE NAZWY GEOGRAFICZNEJ
Nazwa geograficzna Koszalin (woj. zachodniopomorskie ; okręg)
9 (RLIN) 6827
700 ## - HASŁO DODATKOWE - NAZWA OSOBOWA
Nazwa osobowa LIPSKA-SONDECKA, Agnieszka.
Lata pracy 1998 - .
Instytucja Politechnika Koszalińska - Instytut Polityki Społecznej i Stosunków Międzynarodowych,
Wydział Zakład Stosunków Międzynarodowych
773 0# - TYTUŁ DOKUMENTU MACIERZYSTEGO
Wyrażenie wprowadzające W:
Tytuł Rocznik Koszaliński. -
Informacje dotyczące relacji 2005, nr 33, s. 55-58
ISSN 0137-5652
942 ## - HASŁO DODATKOWE - ELEMENTY(KOHA)
Schemat klasyfikacji Uniwersalna klasyfikacja dziesiętna
Typ dokumentu Artykuł

Brak dostępnych egzemplarzy.

© 2014 Biblioteka Politechniki Koszalińskiej :: BIBLIOGRAFIA PRAC PRACOWNIKÓW